The great chain of being (Record no. 44912)

MARC details
000 -LEADER
fixed length control field 00569nam a2200169 a 4500
008 - FIXED-LENGTH DATA ELEMENTS--GENERAL INFORMATION
fixed length control field 120416s1962 ||||||||||||||||| || u
020 ## - INTERNATIONAL STANDARD BOOK NUMBER
International Standard Book Number 0674361539
050 ## - LIBRARY OF CONGRESS CALL NUMBER
Classification number BD 494 Lov
100 ## - MAIN ENTRY--PERSONAL NAME
Personal name Lovejoy, Arthur O
245 14 - TITLE STATEMENT
Title The great chain of being
246 ## - VARYING FORM OF TITLE
Title proper/short title a study of the history of an idea
260 ## - PUBLICATION, DISTRIBUTION, ETC.
Place of publication, distribution, etc. Cambridge
Name of publisher, distributor, etc. CUP
Date of publication, distribution, etc. 1962
300 ## - PHYSICAL DESCRIPTION
Extent 373p.
350 ## - PRICE (NR) (BK AM CF MU VM SE) [OBSOLETE]
Price 0.00
650 ## - SUBJECT ADDED ENTRY--TOPICAL TERM
Topical term or geographic name entry element PHILOSOPHY
995 ## - RECOMMENDATION 995 [LOCAL, UNIMARC FRANCE]
-- 0.00
-- CBU-MAIN LIBRARY (Kitwe)
-- 1
-- 6.95
-- 1
-- AVAILABLE
-- May 12, 2006
-- Main Library Open Access Collection
Holdings
Withdrawn status Lost status Source of classification or shelving scheme Damaged status Not for loan Home library Current library Shelving location Date acquired Total Checkouts Full call number Barcode Date last seen Date last checked out Price effective from Koha item type
          CBU-MAIN LIBRARY, KITWE. CBU-MAIN LIBRARY, KITWE.   11/30/2022 2 BD 494 Lov 000938 05/13/2024 04/30/2024 11/30/2022 MONOGRAPH